• 首页
  • 本馆介绍
  • 公告通知
  • 最新文献
  • 馆藏检索
  • 电子资源
  • 读者导购
  • 参考咨询
  • 我的图书馆
  • 登录
  • 详细信息显示
  • 放入我的书架
  • 预约/预借图书
  • 作者相关作品
  • 分类相关作品
  • 丛书相关作品
  • 出版社相关作品

书目信息

  • 表格格式
  • 工作单格式
  • 卡片格式
题名:
侦查讯问各论
    
 
作者: 胡关禄 著
分册:  
出版信息: 北京   中国人民公安大学出版社  2003.01
页数: 274页
开本: 21cm
丛书名:
单 册:
中图分类: D918.5
科图分类:
主题词: 刑事侦察--预审
电子资源:
ISBN: 7-81087-101-3
000 00777nam0 2200241 450
001 003073620
005 20060327110441.0
010    @a7-81087-101-3@dCNY22.00
100    @a20081201d2003 ekmy0chiy0120 ea
101 0  @achi
102    @aCN@b420000
105    @ay z 000yy
106    @ar
200 1  @a侦查讯问各论@AZhen Cha Xun Wen Ge Lun@f胡关禄,刘谋斌,陈兴乐著@FHu Guan Lu , Liu Mou Bin , Chen Xing Le Zhu
210    @a北京@c中国人民公安大学出版社@d2003.01
215    @a274页@d21cm
330    @a本书内容:讯问不同生理状况的犯罪嫌疑人、讯问不同文化程度的犯罪嫌疑人、讯问不同职业的犯罪嫌疑人
606 0  @a刑事侦察@x预审
690    @aD918.5@v4
701  0 @a胡关禄@AHu Guan Lu@4著
801  0 @aCN@bHTDF@c20081201
905    @aBZT@dD918.5@e1@f10
906    @dCNY22.00@n0@r1
    
    侦查讯问各论/胡关禄,刘谋斌,陈兴乐著.-北京:中国人民公安大学出版社,2003.01
    274页;21cm
    
    
    ISBN 7-81087-101-3:CNY22.00
    本书内容:讯问不同生理状况的犯罪嫌疑人、讯问不同文化程度的犯罪嫌疑人、讯问不同职业的犯罪嫌疑人
●
相关链接 在五车中查询图书 在当当中查询图书 在豆瓣中查询图书


正题名:侦查讯问各论     索取号:D918.5/1         预约/预借

序号 登录号 条形码 馆藏地/架位号 状态 备注
1 695122   2000695122   中心书库南/012架B面5层1列/ [索取号:D918.5/1] 在馆    
2 695123   2000695123   中心书库南/012架B面5层1列/ [索取号:D918.5/1] 在馆    
3 695124   2000695124   中心书库南/012架B面5层1列/ [索取号:D918.5/1] 在馆    
4 695125   2000695125   中心书库南/012架B面5层1列/ [索取号:D918.5/1] 在馆    
5 695126   2000695126   中心书库南/012架B面5层1列/ [索取号:D918.5/1] 在馆    
6 695127   2000695127   中心书库南/012架B面5层1列/ [索取号:D918.5/1] 在馆    
7 695128   2000695128   中心书库南/012架B面5层1列/ [索取号:D918.5/1] 在馆    
8 695129   2000695129   中心书库南/012架B面5层1列/ [索取号:D918.5/1] 在馆    
9 695130   2000695130   中心书库南/012架B面5层1列/ [索取号:D918.5/1] 在馆    
10 695131   2000695131   中心书库南/012架B面5层1列/ [索取号:D918.5/1] 在馆    
山东省滨州职业学院图书馆 欢迎您!
大连网信软件有限公司© 版权所有